Podchytenie štátnej pomoci poskytovanej podnikom v dôsledku pandémie COVID-19 v európskom protimonopolnom práve
Pandémia COVID-19 vyvolala potrebu masívnej štátnej pomoci pre posilnenie podnikania členských štátov EÚ. Európska komisia urýchlene prijala akt soft law, v ktorom ponúkla členským štátom rôzne nástroje na poskytovanie štátnej pomoci podnikateľom a špecifikovala podmienky a ukazovatele, ktoré poskyt...
Enregistré dans:
| Auteur principal: | |
|---|---|
| Format: | Chapitre de livre |
| Langue: | slovaque |
| Sujets: | |
| Tags: |
Pas de tags, Soyez le premier à ajouter un tag!
|
MARC
| LEADER | 00000naa a2200000 4500 | ||
|---|---|---|---|
| 001 | 0288985 | ||
| 005 | 20221123134721.1 | ||
| 041 | 0 | |a slo | |
| 044 | |a SK | ||
| 245 | 1 | 0 | |a Podchytenie štátnej pomoci poskytovanej podnikom v dôsledku pandémie COVID-19 v európskom protimonopolnom práve |c Lukáš Lapšanský |
| 520 | |a Pandémia COVID-19 vyvolala potrebu masívnej štátnej pomoci pre posilnenie podnikania členských štátov EÚ. Európska komisia urýchlene prijala akt soft law, v ktorom ponúkla členským štátom rôzne nástroje na poskytovanie štátnej pomoci podnikateľom a špecifikovala podmienky a ukazovatele, ktoré poskytnú štátnu pomoc zlučiteľnú s vnútorným trhom za splnenia určitých podmienok. | ||
| 610 | 2 | 0 | |a pomoc štátna |
| 610 | 2 | 0 | |a koronavírus |
| 610 | 2 | 0 | |a súťaž hospodárska |
| 610 | 2 | 0 | |a právo protimonopolné |
| 610 | 2 | 0 | |a podnik |
| 100 | 1 | |a Lapšanský, Lukáš | |